00358nam a2200121 a 4500008004100000020001500041050001400056100001700070245006800087246003000155260004200185350000900227120416s1994 ||||||||||||||||| || u a052144571x aHA 29 Fra aFrank, Harry10aUser-Friendly workbook and ASP tutorial to accompany statistics aconcepts and applications aCambridgebThe University Pressc1994 a0.00